A History of Warfare/ (Record no. 593775)
[ view plain ]
| 000 -LEADER | |
|---|---|
| fixed length control field | 00480nam a22001577a 4500 |
| 003 - CONTROL NUMBER IDENTIFIER | |
| control field | NUST |
| 005 - DATE AND TIME OF LATEST TRANSACTION | |
| control field | 20230316130110.0 |
| 020 ## - INTERNATIONAL STANDARD BOOK NUMBER | |
| International Standard Book Number | 978-1-62090-430-5 |
| 082 ## - DEWEY DECIMAL CLASSIFICATION NUMBER | |
| Classification number | 355.009, KEE |
| 100 ## - MAIN ENTRY--PERSONAL NAME | |
| Personal name | Keegan, John |
| 9 (RLIN) | 48589 |
| 245 ## - TITLE STATEMENT | |
| Title | A History of Warfare/ |
| Statement of responsibility, etc. | John Keegan |
| 260 ## - PUBLICATION, DISTRIBUTION, ETC. | |
| Place of publication, distribution, etc. | USA |
| Name of publisher, distributor, etc. | Book Club Edition |
| Date of publication, distribution, etc. | 1993 |
| 300 ## - PHYSICAL DESCRIPTION | |
| Extent | xvi, 430: pages |
| 505 ## - FORMATTED CONTENTS NOTE | |
| Formatted contents note | War in Human History (Page-61), Stone (Page-77), Flesh (Page-153), Iron (Page-235), Fire (Page-317). |
| 942 ## - ADDED ENTRY ELEMENTS (KOHA) | |
| Source of classification or shelving scheme | |
| Koha item type | Book |
| Withdrawn status | Lost status | Source of classification or shelving scheme | Damaged status | Not for loan | Permanent Location | Current Location | Shelving location | Date acquired | Total Checkouts | Full call number | Barcode | Date last seen | Price effective from | Koha item type | Public note |
|---|---|---|---|---|---|---|---|---|---|---|---|---|---|---|---|
| Military College of Signals (MCS) | Military College of Signals (MCS) | General Stacks | 03/16/2023 | 355.009,KEE | MCS38557 | 03/16/2023 | 03/16/2023 | Book | Almirah No.51, Shelf No.3 | ||||||
| Military College of Signals (MCS) | Military College of Signals (MCS) | General Stacks | 03/16/2023 | 355.009, KEE | MCS38558 | 03/16/2023 | 03/16/2023 | Book | Almirah No.51, Shelf No.3 |
